Języki najbardziej podobne do polskiego - Statystyki

Ogólne statystyki
  • Ten quiz został rozwiązany 9 095 razy
  • Średni wynik to 6 z 10
Statystyki odpowiedzi
Indeks Język % Poprawnych
5,3 Czeski
98%
8,4 Rosyjski
97%
7,8 Ukraiński
97%
7,5 Słowacki
96%
10,1 Chorwacki
70%
8,1 Słoweński
69%
7,4 Serbski
66%
3,8 Kaszubski
44%
4,1 Dolnołużycki
5%
6,1 Górnołużycki
5%
Nie znaleziono quizów pasujących do podanych kryteriów
Rozkład punktacji
Procent ludzi z każdym wynikiem
Percentyl według liczby udzielonych odpowiedzi
Twoja historia wyników
Nie rozwiązałeś tego quizu